[Event "Championnat de France des Jeunes - Pupi"]
[Site "TROYES"]
[Date "2010.04.11"]
[Round "1.8"]
[White "Clerc, Gabriel"]
[Black "Ek, Alexandre"]
[Result "0-1"]
[WhiteElo "1560"]
[BlackElo "1833"]
[PlyCount "78"]
[EventDate "2010.??.??"]

1. d4 Nf6 2. Nf3 g6 3. c4 d5 4. Nc3 Bg7 5. Bf4 O-O 6. e3 dxc4 7. Bxc4 c5 8.
dxc5 Qa5 9. O-O Qxc5 10. Qb3 Nc6 11. Na4 Qh5 12. Rfd1 Na5 13. Qb5 Nxc4 14. Qxc4
b5 15. Qc6 Bd7 16. Rxd7 Nxd7 17. Qxd7 bxa4 18. Qxe7 Bxb2 19. Rb1 a3 20. Be5
Bxe5 21. Qxe5 Qxe5 22. Nxe5 Rab8 23. Rc1 Rfc8 24. Rd1 Rb2 25. h3 Rcc2 26. Rd8+
Kg7 27. Rd7 Rxf2 28. Rxa7 Rxg2+ 29. Kf1 Rgc2 30. Rxf7+ Kh6 31. Ng4+ Kg5 32. Kg1
Rc1+ 33. Rf1 Rxf1+ 34. Kxf1 Rxa2 35. Ne5 Ra1+ 36. Kg2 a2 37. Nf3+ Kf6 38. e4
Rd1 39. e5+ Ke7 0-1

[Event "Championnat de France des Jeunes - Pupi"]
[Site "TROYES"]
[Date "2010.04.11"]
[Round "1.9"]
[White "Meunier, Clement"]
[Black "Barbaud, Clement"]
[Result "1-0"]
[WhiteElo "1813"]
[BlackElo "1550"]
[PlyCount "93"]
[EventDate "2010.??.??"]

1. e4 c6 2. d4 d5 3. exd5 cxd5 4. Bd3 Nc6 5. c3 Nf6 6. Bf4 Bg4 7. Qc2 e6 8. Nd2
Bd6 9. Bg3 O-O 10. Ngf3 h6 11. O-O-O Rc8 12. Qb3 Na5 13. Qa4 Bxg3 14. fxg3 Qb6
15. Qb5 Qxb5 16. Bxb5 a6 17. Bd3 Rfd8 18. Rde1 b5 19. Kb1 Bxf3 20. gxf3 Nc4 21.
Bxc4 bxc4 22. g4 g5 23. h4 Rd6 24. Kc2 Rb6 25. Rb1 a5 26. hxg5 hxg5 27. b3 Rbc6
28. bxc4 dxc4 29. Rb5 R6c7 30. Rxg5+ Kf8 31. Rxa5 Ke7 32. Rb1 Nd5 33. Ne4 Rh8
34. Re1 Rh2+ 35. Nd2 Nb4+ 36. cxb4 c3 37. Rc5 Rxc5 38. dxc5 Rxd2+ 39. Kxc3 Rxa2
40. Kc4 Kd7 41. Kb5 Kc7 42. Rh1 Ra7 43. c6 Ra8 44. Rh7 Rb8+ 45. Kc5 Rf8 46. b5
Kb8 47. b6 1-0

[Event "Championnat de France des Jeunes - Pupi"]
[Site "TROYES"]
[Date "2010.04.11"]
[Round "1.10"]
[White "Baudry, Emilien"]
[Black "Duval, Thomas"]
[Result "0-1"]
[WhiteElo "1550"]
[BlackElo "1810"]
[PlyCount "98"]
[EventDate "2010.??.??"]

1. d4 d5 2. Nf3 Nf6 3. Bf4 e6 4. e3 Be7 5. Bd3 h6 6. O-O Bd6 7. Bxd6 Qxd6 8.
Nbd2 Nbd7 9. Re1 Qb6 10. Rb1 c5 11. c3 O-O 12. e4 Ne8 13. e5 a6 14. Nh4 cxd4
15. cxd4 Qxd4 16. Ndf3 Qa7 17. Qd2 Nc5 18. Bc2 Nc7 19. Rbc1 b5 20. b4 Nd7 21.
Qd3 f5 22. exf6 Nxf6 23. Ng6 Re8 24. Nfe5 Ne4 25. Qf3 Nf6 26. Nc6 Qb6 27. Nce7+
Kf7 28. Bb3 Rxe7 29. Nxe7 Kxe7 30. Qg3 Nce8 31. Qe5 Kf7 32. g4 Qxf2+ 33. Kxf2
Nxg4+ 34. Kg1 Nxe5 35. Rxe5 Kf6 36. Re2 Bd7 37. Rf1+ Ke7 38. Bxd5 Rc8 39. Bb7
Rc4 40. Rb1 Nd6 41. Bg2 Nf5 42. Bh3 Nd4 43. Rg2 g5 44. Rbb2 Bc6 45. Rgf2 Nf5
46. Kf1 Rc1+ 47. Ke2 Re1+ 48. Kd3 Be4+ 49. Kc3 Re3+ 0-1

[Event "Championnat de France des Jeunes - Pupi"]
[Site "TROYES"]
[Date "2010.04.11"]
[Round "1.1"]
[White "Joudelat, Noemie"]
[Black "Remy, Camille"]
[Result "1-0"]
[WhiteElo "1763"]
[BlackElo "1390"]
[PlyCount "91"]
[EventDate "2010.??.??"]

1. e4 e5 2. Nf3 Nc6 3. Bc4 Bc5 4. c3 Nf6 5. d4 exd4 6. cxd4 Bb4+ 7. Bd2 Bxd2+
8. Nbxd2 O-O 9. e5 Ne8 10. d5 Na5 11. Be2 b6 12. O-O d6 13. b4 Nb7 14. Nb3 dxe5
15. Nxe5 Nf6 16. Bf3 Qd6 17. Nc6 Nd8 18. Nbd4 Bb7 19. Nf5 Qd7 20. Bg4 Bxc6 21.
dxc6 Nxc6 22. Nh6+ gxh6 23. Bxd7 Rad8 24. Qf3 Nxd7 25. Qxc6 h5 26. Rad1 Ne5 27.
Qxc7 Rxd1 28. Rxd1 Re8 29. Rd8 Rxd8 30. Qxd8+ Kg7 31. Qb8 Ng6 32. Qxa7 b5 33.
Qc5 h4 34. Qxb5 h3 35. gxh3 h5 36. Qxh5 Kf6 37. b5 Kg7 38. b6 Kf8 39. b7 Kg7
40. b8=R Kf6 41. Rb6+ Kg7 42. f3 Kg8 43. Qh6 f6 44. Qxg6+ Kf8 45. Rb7 f5 46.
Qf7# 1-0

[Event "Championnat de France des Jeunes - Pupi"]
[Site "TROYES"]
[Date "2010.04.11"]
[Round "1.2"]
[White "Dupuis, Juliette"]
[Black "Duval, Claire"]
[Result "0-1"]
[WhiteElo "1380"]
[BlackElo "1750"]
[PlyCount "70"]
[EventDate "2010.??.??"]

1. e4 c6 2. Bc4 d5 3. Bd3 dxe4 4. Bxe4 Nf6 5. d3 Nxe4 6. dxe4 Qxd1+ 7. Kxd1 e5
8. Nf3 Nd7 9. Ke2 b6 10. b3 Ba6+ 11. c4 b5 12. Nbd2 Bb4 13. Re1 f6 14. Kf1 Nb6
15. Rd1 bxc4 16. bxc4 Rd8 17. a3 Ba5 18. Bb2 Nxc4 19. Nxc4 Bxc4+ 20. Kg1 O-O
21. h3 Rb8 22. Rab1 Ba2 23. Rbc1 Rxb2 24. Rxc6 Bb6 25. Rcd6 Rxf2 26. Nh4 Rf4+
27. Kh1 Rxh4 28. Rd7 Rxe4 29. Re7 Rd4 30. Rc1 Bd5 31. Kh2 Rd2 32. Rg1 Bxg1+ 33.
Kg3 Rxg2+ 34. Kh4 Bf2+ 35. Kh5 Bf3# 0-1

[Event "Championnat de France des Jeunes - Pupi"]
[Site "TROYES"]
[Date "2010.04.11"]
[Round "1.3"]
[White "Auvray, Honorine"]
[Black "Decaen, Alexandrine"]
[Result "1-0"]
[WhiteElo "1713"]
[BlackElo "1370"]
[PlyCount "45"]
[EventDate "2010.??.??"]

1. e4 e5 2. Nf3 Nc6 3. Bb5 a6 4. Ba4 Nf6 5. O-O Bc5 6. c3 b5 7. Bb3 O-O 8. d4
exd4 9. cxd4 Bb4 10. Bc2 d6 11. Bg5 Ne7 12. Bxf6 gxf6 13. Nc3 Bb7 14. Qd3 Qd7
15. a3 Ba5 16. Ne2 Ng6 17. Ng3 c6 18. Nh5 Bd8 19. Qe3 Kh8 20. Rad1 Bb6 21. Qh6
Rg8 22. Nxf6 Qd8 23. Qxh7# 1-0

[Event "Championnat de France des Jeunes - Pupi"]
[Site "TROYES"]
[Date "2010.04.11"]
[Round "1.4"]
[White "Bellahcene, Anissa"]
[Black "Sauve, Anne-Charlotte"]
[Result "0-1"]
[WhiteElo "1350"]
[BlackElo "1690"]
[PlyCount "50"]
[EventDate "2010.??.??"]

1. e4 e5 2. Bc4 Nf6 3. d3 Bc5 4. Nf3 O-O 5. O-O Re8 6. Re1 c6 7. Nc3 d5 8. Bb3
Bb4 9. Bg5 d4 10. a3 Ba5 11. Re2 dxc3 12. bxc3 Bxc3 13. Rb1 h6 14. Bh4 Nbd7 15.
Re3 c5 16. Nd2 Nb6 17. Rf3 Bg4 18. Bxf6 Bxf3 19. Bxd8 Bxd1 20. Bxb6 Bxc2 21.
Bxc5 Bxb1 22. Nxb1 Rac8 23. Bxa7 Bd4 24. g3 Rc1+ 25. Kg2 Rxb1 0-1

[Event "Championnat de France des Jeunes - Pupi"]
[Site "TROYES"]
[Date "2010.04.11"]
[Round "1.5"]
[White "Malassagne, Isabelle"]
[Black "Duff, Francine"]
[Result "1-0"]
[WhiteElo "1680"]
[BlackElo "1350"]
[PlyCount "101"]
[EventDate "2010.??.??"]

1. c4 e5 2. Nc3 d6 3. g3 Nc6 4. Bg2 Nf6 5. d3 Bg4 6. Nf3 Be7 7. O-O O-O 8. Bd2
Qd7 9. a3 Bh3 10. b4 Bxg2 11. Kxg2 Rfe8 12. Rc1 Qg4 13. Bg5 b6 14. Bxf6 Bxf6
15. Nd5 Rab8 16. Nxc7 Rec8 17. Nd5 Bg5 18. Rc2 b5 19. cxb5 Rxb5 20. Nc3 Rb7 21.
Nxg5 Qxg5 22. Nd5 Kh8 23. Qc1 Qxc1 24. Rfxc1 h6 25. Rxc6 Rxc6 26. Rxc6 Rd7 27.
a4 Rd8 28. b5 Rb8 29. Rxd6 Rb7 30. Nb4 Kg8 31. Nc6 Rb6 32. Rd8+ Kh7 33. Rb8
Rxb8 34. Nxb8 Kg6 35. Nc6 Kf6 36. Nxa7 Ke7 37. Nc6+ Kd7 38. Nxe5+ Kc7 39. a5
Kb7 40. Nxf7 Kc7 41. d4 Kd7 42. a6 Kc7 43. a7 Kb7 44. b6 Ka8 45. d5 Kb7 46. d6
Kxb6 47. a8=Q Kb5 48. Ne5 Kc5 49. d7 Kd6 50. d8=Q+ Kxe5 51. Qad5# 1-0

[Event "Championnat de France des Jeunes - Pupi"]
[Site "TROYES"]
[Date "2010.04.11"]
[Round "1.6"]
[White "Guyon, Sophie"]
[Black "Fraval, Julie"]
[Result "0-1"]
[WhiteElo "1350"]
[BlackElo "1640"]
[Annotator "Rivier,Sylvain"]
[PlyCount "55"]
[EventDate "2010.??.??"]

1. e4 c5 2. Nf3 d6 3. d4 cxd4 4. Nxd4 Nf6 5. Nc3 g6 6. Bc4 Bg7 7. Be3 O-O 8.
Qd2 Nc6 9. Nxc6 bxc6 10. O-O Ng4 11. f4 Nxe3 12. Qxe3 Bg4 13. Rfe1 Rb8 14. Qxa7
c5 15. Bb3 Bc8 16. Qa4 Rb4 17. Qa8 e6 18. a3 Rb6 19. Qa5 Bd7 20. e5 Qb8 21.
exd6 Qxd6 22. g3 Ra6 23. Ne4 Qxf4 24. gxf4 Rxa5 25. Red1 Bc6 26. Re1 f5 27.
Bxe6+ Kh8 28. Nd6 {suite illisible} 0-1

[Event "Championnat de France des Jeunes - Pupi"]
[Site "TROYES"]
[Date "2010.04.11"]
[Round "1.7"]
[White "Baldi, Valentine"]
[Black "Nord, Clara"]
[Result "1-0"]
[WhiteElo "1635"]
[BlackElo "1340"]
[PlyCount "61"]
[EventDate "2010.??.??"]

1. d4 Nf6 2. c4 e6 3. Nf3 Bb4+ 4. Bd2 Bxd2+ 5. Nbxd2 d6 6. e4 b6 7. Bd3 Bb7 8.
O-O Nbd7 9. e5 Ng4 10. h3 Nh6 11. Ne4 d5 12. Neg5 Nf5 13. Bxf5 exf5 14. e6 O-O
15. exd7 Qxd7 16. Ne5 Qe7 17. Ngf3 f6 18. Nd3 dxc4 19. Nf4 Ba6 20. Re1 Qd6 21.
Qd2 Bb7 22. Re6 Qd7 23. Qc3 Bd5 24. Nxd5 Qxd5 25. Rae1 b5 26. Re7 c6 27. Rc7
Rfb8 28. a3 a5 29. Ree7 b4 30. Rxg7+ Kf8 31. Qe3 1-0

[Event "Championnat de France des Jeunes - Pupi"]
[Site "TROYES"]
[Date "2010.04.11"]
[Round "1.8"]
[White "Froment, Josephine"]
[Black "Imperor, Lorene"]
[Result "0-1"]
[WhiteElo "1339"]
[BlackElo "1633"]
[PlyCount "132"]
[EventDate "2010.??.??"]

1. e4 c5 2. Nf3 Nc6 3. c3 d5 4. exd5 Qxd5 5. d4 Bg4 6. Be3 Bxf3 7. Qxf3 Qxf3 8.
gxf3 cxd4 9. Bxd4 e5 10. Be3 Bd6 11. Nd2 Nge7 12. O-O-O O-O 13. Bd3 Rad8 14.
Bc2 Bc7 15. Ne4 Ng6 16. Rxd8 Rxd8 17. Rd1 Rxd1+ 18. Kxd1 b6 19. Ba4 Nce7 20. c4
Nf5 21. Ke2 Nd4+ 22. Bxd4 exd4 23. Kd3 Be5 24. c5 f5 25. Ng3 bxc5 26. Nxf5 Nf4+
27. Kc4 Ne6 28. b4 g6 29. Ne7+ Kf7 30. Nc6 Bd6 31. b5 Bxh2 32. Nxa7 Bc7 33. Nc8
h5 34. b6 Bb8 35. Bd1 Nf4 36. Kxc5 h4 37. Nd6+ Ke7 38. Ne4 Ne6+ 39. Kc6 h3 40.
f4 Bxf4 41. Bf3 Nd8+ 42. Kc5 d3 43. Kc4 d2 44. a4 h2 45. Nxd2 Bxd2 46. b7 Bf4
47. Kb5 Bb8 48. a5 Kd7 49. Kb6 Bc7+ 50. Ka7 Nxb7 51. Kxb7 Bxa5 52. Bg2 g5 53.
f3 Ke6 54. Kc6 Ke5 55. Kc5 Kf4 56. Kd4 Kg3 57. Bh1 Kf2 58. f4 gxf4 59. Ke4 Bc7
60. Bf3 Kg1 61. Kd3 h1=Q 62. Bxh1 Kxh1 63. Ke2 Kg2 64. Ke1 f3 65. Kd2 f2 66.
Ke2 f1=Q+ 0-1

[Event "Championnat de France des Jeunes - Pupi"]
[Site "TROYES"]
[Date "2010.04.11"]
[Round "1.9"]
[White "Banat, Rizlene"]
[Black "Duffaud, Celia"]
[Result "1-0"]
[WhiteElo "1608"]
[BlackElo "1330"]
[PlyCount "71"]
[EventDate "2010.??.??"]

1. Nf3 d5 2. c4 Nf6 3. g3 Nc6 4. Bg2 e5 5. cxd5 Nxd5 6. d3 Bb4+ 7. Bd2 O-O 8.
O-O Re8 9. a3 Bc5 10. Nc3 Nf6 11. Rc1 Bb6 12. Na4 e4 13. dxe4 Nxe4 14. Nxb6
axb6 15. Bf4 Qxd1 16. Rfxd1 Bg4 17. Bxc7 b5 18. h3 Bf5 19. g4 Bg6 20. Nh4 Rac8
21. Nxg6 Rxc7 22. Bxe4 Rxe4 23. Rxc6 fxg6 24. Rxc7 h5 25. gxh5 gxh5 26. Rdd7
Rxe2 27. Rxg7+ Kf8 28. Kf1 Re6 29. Rcf7+ Ke8 30. Rxb7 Kf8 31. Rbf7+ Ke8 32. Rh7
Re5 33. Rb7 Re7 34. Rhxe7+ Kf8 35. Rec7 Ke8 36. Rc8# 1-0

[Event "Championnat de France des Jeunes - Pupi"]
[Site "TROYES"]
[Date "2010.04.11"]
[Round "1.10"]
[White "Schuller, Marine"]
[Black "Dory, Manon"]
[Result "1/2-1/2"]
[WhiteElo "1330"]
[BlackElo "1604"]
[PlyCount "83"]
[EventDate "2010.??.??"]

1. e4 c5 2. Nf3 Nc6 3. d4 cxd4 4. Nxd4 Nf6 5. Nc3 d6 6. Bb5 Bd7 7. Nxc6 Bxc6 8.
Bxc6+ bxc6 9. O-O g6 10. Bg5 Bg7 11. Qf3 Qb6 12. Bxf6 Bxf6 13. Rab1 O-O 14. b3
Qd4 15. Ne2 Qe5 16. c4 e6 17. Rfd1 Rfd8 18. Ng3 Bg7 19. a4 d5 20. exd5 exd5 21.
cxd5 cxd5 22. Re1 Qc3 23. Qxc3 Bxc3 24. Re3 d4 25. Rd3 Rab8 26. Ne2 Rbc8 27.
Rbd1 Bb2 28. h3 Rb8 29. Nxd4 Bxd4 30. Rxd4 Rxd4 31. Rxd4 Rxb3 32. Rd7 a5 33.
Ra7 Rb1+ 34. Kh2 Kf8 35. Rxa5 Ke7 36. Kg3 Rb4 37. Kf3 h5 38. Ke3 Kd6 39. Kd3
Rb2 40. Ke3 Kc6 41. Rb5 Ra2 42. Rb4 1/2-1/2